00725mam a22001811a 45000820013000001000027000132450047000402600053000873000025001405000022001655000012001875000124001995260037003236500042003609420012004029990019004149520110004330 a113bBRI1 aBrinton, Crane,94953914aThe shaping of modern mindcCrane Brinton. aEnglewood Cliffs, N.J. :bPrentice-Hall,cc1963. avi, 249 p. ;c21 cm. a"A Spectrum book" a"S-63." aOriginally published as The shaping of the modern mind, a reprint of the concluding half of the author's Ideas and men. a0b0c0d113_000000000000000_BRI 0aCivilization, ModernxHistory.949540 2ddccBK c552465d552465 00102ddc4070aMCEbMCEcArchive Sectiond2015-01-16l0o113 BRIpMCE-MCS/4r2015-01-16w2015-01-16yBK